FAO fertilizer yearbook. : Annuaire FAO des engrais. Anuario FAO de fertilizantes.

Guardat en:
Dades bibliogràfiques
Nou títol:FAO yearbook. Fertilizer
Títol anterior:Annual fertilizer review
Autor corporatiu: Food and Agriculture Organization of the United Nations
Format: Publicació Periòdica
Idioma:English
French
Spanish
Publicat: Rome : Food and Agriculture Organization of the United Nations.
Col·lecció:FAO statistics series
Matèries:
LEADER 01907cas a2200457 a 4500
001 c000262100
003 CARM
005 20070606142138.0
008 810225d19781986it ar s i0 a0eng d
010 |a 80642911  |z sc 80000408 
019 1 |a 1958288  |z 21877670  |z 47977237  |5 LACONCORD2021 
022 |a 0251-1525 
035 |a (OCoLC)5711744  |5 LACONCORD2021 
040 |a LC  |b eng  |c LC 
041 0 |a eng  |a fre  |a spa 
042 |a lc 
050 0 |a HD9483.A1  |b F65 
050 0 0 |a HD9483.A1  |b F65 
082 0 4 |a 338.4/766862/0212 
082 0 4 |a 338.4 766862 0212 
245 0 0 |a FAO fertilizer yearbook. :  |b Annuaire FAO des engrais. Anuario FAO de fertilizantes. 
246 2 |a Food and Agriculture Organization of the United Nations fertilizer yearbook 
246 2 1 |a Anuario FAO de fertilizantes 
246 2 1 |a Annuaire FAO des engrais 
260 |a Rome :  |b Food and Agriculture Organization of the United Nations. 
300 |a 9 v. ;  |c 28 cm. 
362 0 |a 1978-1986. 
440 0 |a FAO statistics series 
515 |a Vols. for 1979-86 called v. 29-36. 
546 |a English, French, and Spanish. 
650 0 |a Fertilizer industry  |v Statistics  |v Periodicals. 
710 2 |a Food and Agriculture Organization of the United Nations. 
710 2 |a Food and Agriculture Organization of the United Nations  |t Annuaire FAO des engrais. 
710 2 |a Food and Agriculture Organization of the United Nations  |t Anuario FAO de fertilizantes. 
780 0 0 |t Annual fertilizer review  |x 0084-6546  |w (DLC) 72621655  |w (OCoLC)1783915 
785 0 0 |t FAO yearbook. Fertilizer  |w (DLC) 90649820  |w (OCoLC)19839086 
852 8 |b CARM  |h A1:AP36C0  |i F02210  |p 0377312  |f SE 
866 0 |a 1978-1986 Inc. 
866 0 |a 1978-1986 Inc. 
999 f f |i 47990d31-3ec3-54a6-a166-765e2a41d303  |s a8c69195-e30d-5d7b-a7cc-c43299ea695a 
952 f f |p Can circulate  |a CAVAL  |b CAVAL  |c CAVAL  |d CARM 1 Store  |e F02210  |f A1:AP36C0  |h Other scheme  |i book  |k 1978-1984, 1986  |m 0377312